000 00520nam a2200145 i 4500
001 181123
003 ES-MaACL
005 20230906221258.0
008 121022s1881 sp |||| | spa d
110 2 _aUniversidad Literaria de Valladolid.
_97394
245 1 0 _aMemoria sobre el estado de la enseñanza en la Universidad Literaria de Valladolid durante el curso académico de 1879 á 1880.
260 _aValladolid :
_b[s.n.],
_c1881 (
_fImp. de L. Garrido)
300 _a32 p. ;
_c28 cm.
852 _aES-MaACL
_jT-392-F-4
999 _c181123
_d181123